Match the Ancient Greek spelling to the Greek God - Statistics

General Stats
  • This quiz has been taken 23 times
  • The average score is 7 of 12
Answer Stats
Hint Answer % Correct
Ζευς Zeus
100%
Άρτεμις Artemis
84%
Άθηνα Athena
79%
Άρης Ares
74%
Άφροδίτη Aphrodite
63%
Άπόλλων Apollo
63%
Ήρη Hera
58%
Διονυσος Dionysus
53%
Ήφαιστος Hephaestus
53%
Ήρμης Hermes
53%
Δημητηρ Demeter
42%
Ποσειδων Poseiden
11%
No matching quizzes found
Score Distribution
Percent of People with Each Score
Percentile by Number Answered
Your Score History
You have not taken this quiz